书目信息 |
| 题名: |
中国未来的气候变化预估
|
|
| 作者: | 许吟隆 , 潘婕 , 冯强 著 | |
| 分册: | ||
| 出版信息: | 北京 科学出版社 2016 |
|
| 页数: | 201页 | |
| 开本: | 26cm | |
| 丛书名: | ||
| 单 册: | ||
| 中图分类: | P467 | |
| 科图分类: | ||
| 主题词: | 气候变化--评估--研究--中国 | |
| 电子资源: | ||
| ISBN: | 978-7-03-046800-0 | |
| 000 | 01243nam0 2200265 450 | |
| 001 | 678 | |
| 005 | 20180924095032.49 | |
| 010 | @a978-7-03-046800-0@dCNY158.00 | |
| 100 | @a20170215d2016 em y0chiy50 ea | |
| 101 | 0 | @achi |
| 102 | @aCN@b110000 | |
| 105 | @aab z 000yy | |
| 200 | 1 | @a中国未来的气候变化预估@9zhong guo wei lai de qi hou bian hua yu gu@e应用PRECIS构建SRES高分辨率气候情景@dProjection on future climate change in China@econstructing high resolution SRES climate scenarios using precis@f许吟隆,潘婕,冯强等著@zeng |
| 210 | @a北京@c科学出版社@d2016 | |
| 215 | @a201页@c图,地图@d26cm | |
| 330 | @a本书详细介绍应用区域气候模式系统PRECIS构建中国高分辨率(水 平网格距约50km)、长时间序列(1961-2100)的SRES气候情景,进行中国未来气候变化的预估分析。 | |
| 510 | 1 | @aProjection on future climate change in China@econstructing high resolution SRES climate scenarios using precis@zeng |
| 517 | 1 | @a应用PRECIS构建SRES高分辨率气候情景@9ying yong PRECIS gou jian SRES gao fen bian lv qi hou qing jing |
| 606 | 0 | @a气候变化@x评估@x研究@y中国 |
| 690 | @aP467@v5 | |
| 701 | 0 | @a许吟隆@9xu yin long@4著 |
| 701 | 0 | @a潘婕@9pan jie@4著 |
| 701 | 0 | @a冯强@9feng qiang@4著 |
| 801 | 0 | @aCN@b91MARC@c20170215 |
| 905 | @aMuseLib@dP467@e107 | |
| 中国未来的气候变化预估:应用PRECIS构建SRES高分辨率气候情景=Projection on future climate change in China:constructing high resolution SRES climate scenarios using precis/许吟隆,潘婕,冯强等著.-北京:科学出版社,2016 |
| 201页:图,地图;26cm |
| ISBN 978-7-03-046800-0:CNY158.00 |
| 本书详细介绍应用区域气候模式系统PRECIS构建中国高分辨率(水 平网格距约50km)、长时间序列(1961-2100)的SRES气候情景,进行中国未来气候变化的预估分析。 |
| ● |
| 相关链接 |
|
|
|
|
正题名:中国未来的气候变化预估
索取号:P467/107
 
预约/预借
| 序号 | 登录号 | 条形码 | 馆藏地/架位号 | 状态 | 备注 |
| 1 | 1120144 | 211201448 | 第二样本阅览室/ [索取号:P467/107] | 在馆 | |
| 2 | 1120145 | 211201457 | 第三借阅区/ [索取号:P467/107] | 在馆 |